Statistics for Actors with more than one Oscar

Click here to take the quiz!

General Stats

  • This quiz has been taken 1,739 times
    (127 since last reset)
  • The average score is 23 of 45

Answer Stats

Number of wins and categoriesFilmsActor/Actress% Correct
2x Best ActorPhiladelphia, Forrest GumpTom Hanks
95%
2x Best Actress, 1x Best Supporting ActressSophie's Choice, The Iron Lady, Kramer Vs. KramerMeryl Streep
88%
1x Best Actor, 1x Best Supporting ActorRaging Bull, The Godfather Part IIRobert De Niro
88%
3x Best ActorMy Left Foot, There Will Be Blood, LincolnDaniel Day-Lewis
85%
2x Best ActressLa La Land, Poor ThingsEmma Stone
85%
2x Best ActorOn the Waterfront, The GodfatherMarlon Brando
84%
2x Best Actor, 1x Best Supporting ActorOne Flew Over the Cuckoo's Nest, As Good as It Gets, Terms Of EndearmentJack Nicholson
82%
2x Best ActorThe Silence of the Lambs, The FatherAnthony Hopkins
80%
2x Best ActorKramer Vs. Kramer, Rain ManDustin Hoffman
75%
2x Best ActressThe Accused, The Silence of the LambsJodie Foster
75%
1x Best Actor, 1x Best Supporting ActorTraining Day, GloryDenzel Washington
74%
1x Best Actor, 1x Best Supporting ActorAmerican Beauty, The Usual SuspectsKevin Spacey
74%
3x Best ActressFargo, Three Billboards Outside Ebbing, Missouri, NomadlandFrances McDormand
72%
2x Best ActorMystic River, MilkSean Penn
69%
4x Best ActressMorning Glory, Guess Who's Coming to Dinner, The Lion in Winter, On Golden PondKatharine Hepburn
67%
2x Best Supporting ActorInglourious Basterds, Django UnchainedChristoph Waltz
65%
2x Best ActressBoys Don't Cry, Million Dollar BabyHilary Swank
64%
1x Best Actress, 1x Best Supporting ActressBlue Jasmine, The AviatorCate Blanchett
61%
1x Best Actor, 1x Best Supporting ActorThe French Connection, UnforgivenGene Hackman
55%
2x Best Supporting ActorMoonlight, Green BookMahershala Ali
52%
1x Best Actress, 1x Best Supporting ActressJudy, Cold MountainRenée Zellweger
48%
2x Best ActressBUtterfield 8, Who's Afraid of Virginia Woolf?Elizabeth Taylor
46%
2x Best Actress, 1x Best Supporting ActressGaslight, Anastasia, Murder On The Orient ExpressIngrid Bergman
45%
2x Best ActressGone with the Wind, A Streetcar Named DesireVivien Leigh
45%
2x Best ActressKlute, Coming HomeJane Fonda
44%
2x Best Supporting ActorHannah and Her Sisters, The Cider House RulesMichael Caine
42%
2x Best ActorSergeant York, High NoonGary Cooper
41%
2x Best ActressDangerous, JezebelBette Davis
37%
1x Best Actress, 1x Best Supporting ActressBlue Sky, TootsieJessica Lange
36%
1x Best Actress, 1x Best Supporting ActressThe Prime of Miss Jean Brodie, California SuiteMaggie Smith
36%
2x Best ActressWomen in Love, A Touch of ClassGlenda Jackson
35%
2x Best Supporting ActorHud, Being ThereMelvyn Douglas
35%
2x Best ActressNorma Rae, Places in the HeartSally Field
35%
2x Best ActorCaptains Courageous, Boys TownSpencer Tracy
34%
1x Best Actor, 1x Best Supporting ActorSave the Tiger, Mister RobertsJack Lemmon
29%
2x Best Supporting ActressHannah and Her Sisters, Bullets over BroadwayDianne Wiest
24%
2x Best ActressTo Each His Own, The HeiressOlivia De Havilland
22%
2x Best Supporting ActorViva Zapata!, Lust for LifeAnthony Quinn
20%
2x Best Supporting ActorAll the President's Men, JuliaJason Robards
20%
2x Best ActorDr. Jekyll and Mr. Hyde, The Best Years of Our LivesFredric March
19%
2x Best Supporting ActorSpartacus, TopkapiPeter Ustinov
17%
3x Best Supporting ActorCome and Get It, Kentucky, The WesternerWalter Brennan
17%
1x Best Actress, 1x Best Supporting ActressThe Sin of Madelon Claudet, AirportHelen Hayes
15%
2x Best ActressThe Great Ziegfeld, The Good EarthLuise Rainer
15%
2x Best Supporting ActressThe Diary of Anne Frank, A Patch of BlueShelley Winters
14%

Score Distribution

Percentile by Number Answered

Percent of People with Each Score

Your Score History

You have not taken this quiz since the last reset